000 00533nam a2200157Ia 4500
008 220216s9999 xx 000 0 und d
100 _aPriya P
245 0 _aMolecular cloning of rubber elongation factor protein cDNA from Hevea brasiliensis Muell. Arg. and its heterologous expression in Escherichia coli and Nicotiana tabacum
260 _bCurrent Science
_c2007
300 _a1077-107
650 _aMolecular cloning
650 _aRubber elongation
700 _aThulaseedharan A
700 _aVenakatachalam P
942 _cJS
999 _c63183
_d63183